Statistiques concernant Devinez le Département Mystère #92

Cliquez ici pour prendre le quiz!

Statistiques générales

  • Ce quiz a été pris 94 fois
    (32 depuis la dernière actualisation)
  • Le résultat moyen est 24 sur 35

Statistiques - réponses

Type de RéponseRéponse% Correct
Lettre TrouvéeE
100%
Lettre de l'AlphabetI
100%
Lettre de l'AlphabetO
100%
Lettre de l'AlphabetR
100%
Lettre TrouvéeA
96%
Lettre de l'AlphabetD
96%
Lettre de l'AlphabetN
96%
Lettre TrouvéeS
96%
Lettre TrouvéeL
92%
Lettre de l'AlphabetT
92%
Lettre de l'AlphabetH
88%
Lettre TrouvéeU
88%
Lettre TrouvéeC
79%
Lettre de l'AlphabetM
79%
Lettre TrouvéeV
79%
Lettre de l'AlphabetY
75%
Lettre de l'AlphabetB
67%
Lettre de l'AlphabetG
67%
Lettre de l'AlphabetF
63%
Lettre de l'AlphabetZ
58%
Lettre Bien PlacéeA
54%
Lettre de l'AlphabetP
54%
Lettre de l'AlphabetQ
54%
Lettre Bien PlacéeE
46%
Lettre de l'AlphabetX
46%
Lettre Bien PlacéeC
42%
Lettre de l'AlphabetJ
42%
Lettre de l'AlphabetK
42%
Lettre Bien PlacéeL
42%
Lettre Bien PlacéeS
42%
Lettre Bien PlacéeU
42%
Lettre Bien PlacéeU
42%
Lettre Bien PlacéeV
42%
Département MystèreVaucluse
42%
Lettre de l'AlphabetW
42%

Distribution des résultats

Percentile par nombre de réponses

% des personnes avec chaque résultat

Votre développement - résultats

Vous n’avez pas pris ce quiz depuis la dernière actualisation